Geography Quiz

Random Geography or City Quiz
Score 0/25 Timer 10:00
0 Plays Today
% Correct
Hanoi
96.2%
Ho Chi Minh City
92.8%
Da Nang
80%
Hue
79.7%
Can Tho
64.3%
Haiphong
63.2%
Vinh
61.4%
Nha Trang
57.9%
Da Lat
52.1%
Bien Hoa
49.5%
Vung Tau
46.1%
Ha Long
44.9%
Thai Nguyen
44.8%
% Correct
Nam Dinh
39.4%
Buon Ma Thuot
37.3%
Hai Duong
35.9%
Thanh Hoa
35.3%
Pleiku
33.7%
Rach Gia
33.5%
Qui Nhon
31%
Long Xuyen
30.2%
Cam Pha
29.4%
Phan Thiet
27.8%
Thu Dau Mot
17.7%
Phan Rang - Thap Cham
13%

You're not logged in!

Compare scores with friends on all Sporcle quizzes.
OR
Log In

Sporcle TV

Today on Sporcle TV


Watch our educational content, quiz creation guides, and fun videos on Sporcle TV.

Show Comments

Extras

Top Quizzes Today


Score Distribution

Paid Content

Your Account Isn't Verified!

In order to create a playlist on Sporcle, you need to verify the email address you used during registration. Go to your Sporcle Settings to finish the process.

Report this User

Report this user for behavior that violates our Community Guidelines.

Details: